000 00391pam a2200157 a 4500
020 _a978-1-4180-1169-7
_c
041 _h
100 _aMICHEL SUAS
_eAuthor
245 _aADVANCED BREAD AND PASTRY
_cMICHEL SUAS
_hTextual Documents
250 _a1st
260 _anew york
_bDelmar Cengage Learning
300 _a1042
653 _afood producation
700 _eCo-Author
930 _a149
999 _c242778
_d242778